00506nam a22001697a 4500003000400000082001900004100001700023245003000040260007000070260005700140300001300197546001200210650003900222650002700261650002100288650002700309OSt a338.17bTHA/CO aThampan, P K aCoconut industry in India aCochinbCoconut Development Board, Ministry of agriculture c1990 aIndonesiabAsian and Pacific Coconut Communityc1989 ax, 133p. aEnglish aPost Harvest Processing of Coconut aProduction Utilization aCoconut Research aTechnological Research